[Event "Merry Christmas 2011"]
[Site "SchemingMind.com"]
[Date "2011.12.30"]
[Round "-"]
[White "Mariazb"]
[Black "joopsim"]
[Result "0-1"]
[WhiteCountry "ARG"]
[BlackCountry "NED"]
[WhiteElo "2327"]
[WhiteRD "96"]
[BlackElo "2543"]
[BlackRD "73"]
[GameID "300174"]

1. d4 Nc6 2. e4 d5 3. Nc3 e5 4. dxe5 d4 5. Nd5 f5 6. Bb5 fxe4 7. c4 a6 8. Bxc6+ bxc6 9. Qa4 Bd7 10. Nf4 g5
11. e6 gxf4 12. exd7+ Qxd7 13. Bxf4 Nf6 14. O-O-O c5 15. Qxd7+ Kxd7 16. Ne2 Bd6 17. Bxd6 cxd6 18. Nf4 Ng4 19. Rd2 Kc6 20. h3 Ne5
21. Re2 Rae8 22. b3 Rhf8 23. g3 Nf3 24. Rf1 Rf7 25. Nd3 a5 26. Rd1 a4 27. b4 Kd7 28. Nf4 d3 29. Rb2 Rf5 30. bxc5 Rxc5
31. Nd5 Rxc4+ 32. Kb1 Ke6 33. Nf4+ Ke5 34. Nxd3+ exd3 35. Rxd3 Rf8 36. Re3+ Kd5 37. a3 Rd4 38. Ree2 Rd1+ 39. Ka2 Nd4 40. Red2 Rxd2
41. Rxd2 Rf3 42. h4 Ke4 43. g4 Nb5 44. Kb2 Nxa3 45. Re2+ Kd3 46. Re3+ Rxe3 47. fxe3 Nc4+ 48. Ka2 Kxe3
0-1

[Event "Merry Christmas 2011"]
[Site "SchemingMind.com"]
[Date "2012.01.01"]
[Round "-"]
[White "Mariazb"]
[Black "ramesse"]
[Result "1/2-1/2"]
[WhiteCountry "ARG"]
[BlackCountry "SVK"]
[WhiteElo "2230"]
[WhiteRD "117"]
[BlackElo "2305"]
[BlackRD "61"]
[GameID "300175"]

1. d4 d5 2. c4 c6 3. Nf3 Nf6 4. Nc3 e6 5. e3 Nbd7 6. Bd3 dxc4 7. Bxc4 b5 8. Be2 Bb7 9. O-O a6 10. e4 c5
11. e5 Nd5 12. Bg5 Qb6 13. a4 h6 14. Nxd5 Bxd5 15. Be3 Rd8 16. axb5 axb5 17. Bd2 Qb7 18. Ra5 c4 19. b3 cxb3 20. Rxb5 Qa8
21. Ra5 Qb7 22. Qb1 Be7 23. Rc1 Rb8 24. Rb5 Qa8 25. Ra5 Qb7 26. Rb5=
1/2-1/2

[Event "Merry Christmas 2011"]
[Site "SchemingMind.com"]
[Date "2012.01.01"]
[Round "-"]
[White "Mariazb"]
[Black "otsenrechess"]
[Result "1-0"]
[WhiteCountry "ARG"]
[BlackCountry "HUN"]
[WhiteElo "2327"]
[WhiteRD "96"]
[BlackElo "1823"]
[BlackRD "45"]
[GameID "300176"]

1. d4 Nf6 2. c4 e6 3. Nf3 c5 4. d5 b5 5. Bg5 exd5 6. cxd5 h6 7. Bh4 d6 8. e3 a6 9. a4 b4 10. Nbd2 Be7
11. Nc4 g5 12. Bg3 Bb7 13. a5 Ra7 14. Nb6 Nbd7 15. h4 g4 16. Nd2 Nxb6 17. axb6 Qxb6 18. e4
1-0

[Event "Merry Christmas 2011"]
[Site "SchemingMind.com"]
[Date "2011.12.31"]
[Round "-"]
[White "Mariazb"]
[Black "NYNH"]
[Result "1-0"]
[WhiteCountry "ARG"]
[BlackCountry "USA"]
[WhiteElo "2230"]
[WhiteRD "117"]
[BlackElo "2043"]
[BlackRD "63"]
[GameID "300177"]

1. Nf3 e6 2. g3 b6 3. Bg2 Bb7 4. O-O Nf6 5. c4 Be7 6. Nc3 O-O 7. d4 Ne4 8. Qc2 Nxc3 9. Qxc3 c5 10. b3 Bf6
11. Bb2 cxd4 12. Nxd4 Bxg2 13. Kxg2 Nc6 14. Qd2 Bxd4 15. Bxd4 d5 16. Rad1 dxc4 17. Qc3 Qd5+ 18. f3 Nxd4 19. Rxd4 Qe5 20. Qxc4 Rad8
21. Rfd1 Qf6 22. Rd7 Rxd7 23. Rxd7 a5 24. Rd6 Rd8 25. Rxb6 h6 26. a4 Rd2 27. Rb8+ Kh7 28. Kf2 Qa1 29. Qe4+ g6 30. Rb7 Kg7
31. Qf4 Qf6 32. Qxd2
1-0

[Event "Merry Christmas 2011"]
[Site "SchemingMind.com"]
[Date "2011.12.30"]
[Round "-"]
[White "Mariazb"]
[Black "e_safarz"]
[Result "0-1"]
[WhiteCountry "ARG"]
[BlackCountry "CAN"]
[WhiteElo "2230"]
[WhiteRD "117"]
[BlackElo "2390"]
[BlackRD "63"]
[GameID "300178"]

1. d4 Nf6 2. Nf3 e6 3. c4 b6 4. g3 Ba6 5. b3 Bb4+ 6. Bd2 Be7 7. Nc3 O-O 8. e4 Bb7 9. Bg2 Nxe4 10. O-O Nxd2
11. Qxd2 d6 12. Rfe1 c6 13. Rac1 d5 14. Ne5 Nd7 15. cxd5 cxd5 16. Nd3 Rc8 17. Rc2 Nb8 18. Ne5 Nc6 19. Nxc6 Rxc6 20. Qc1 Qd6
21. Qe3 Qd7 22. Rec1 Rfc8 23. Bf1 a6 24. a4 Ba3 25. Ra1 Bb4 26. Rac1 Ba5 27. f4 R8c7 28. Bg2 Kf8 29. f5 Qc8 30. fxe6 Qxe6
31. Qxe6 fxe6 32. Rf1+ Ke7 33. Nxd5+ exd5 34. Rxc6 Bxc6 35. Rf5 Kd6 36. Kf2 Re7 37. Bf3 Bd2 38. Kg2 Be3 39. Be2 a5 40. Rf1 Bxd4
41. Bf3 Bc5
0-1

[Event "Merry Christmas 2011"]
[Site "SchemingMind.com"]
[Date "2011.12.30"]
[Round "-"]
[White "Mariazb"]
[Black "John Galvin"]
[Result "1/2-1/2"]
[WhiteCountry "ARG"]
[BlackCountry "USA"]
[WhiteElo "2230"]
[WhiteRD "117"]
[BlackElo "2250"]
[BlackRD "62"]
[GameID "300179"]

1. d4 Nf6 2. c4 g6 3. Nc3 d5 4. cxd5 Nxd5 5. e4 Nxc3 6. bxc3 Bg7 7. Nf3 c5 8. Rb1 O-O 9. Be2 Nc6 10. d5 Bxc3+
11. Bd2 Bxd2+ 12. Qxd2 Na5 13. h4 Bg4 14. h5 Bxf3 15. gxf3 e5 16. hxg6 fxg6 17. d6 b6 18. Qd5+ Kg7 19. Qxe5+ Qf6 20. Qh2 h5
21. Qg3 Nc6 22. Rxh5 Rh8 23. e5 Qe6 24. f4 Rxh5 25. Bxh5 Qf5 26. Bxg6 Qxg6=
1/2-1/2

[Event "Merry Christmas 2011"]
[Site "SchemingMind.com"]
[Date "2011.12.30"]
[Round "-"]
[White "joopsim"]
[Black "Mariazb"]
[Result "1-0"]
[WhiteCountry "NED"]
[BlackCountry "ARG"]
[WhiteElo "2543"]
[WhiteRD "73"]
[BlackElo "2327"]
[BlackRD "96"]
[GameID "300180"]

1. e4 c5 2. Nf3 Nc6 3. d4 cxd4 4. Nxd4 Nf6 5. Nc3 e5 6. Ndb5 d6 7. Bg5 a6 8. Bxf6 gxf6 9. Na3 f5 10. Nc4 b5
11. Ne3 f4 12. Ned5 Be6 13. Qd2 b4 14. Ne2 Rb8 15. O-O-O a5 16. f3 a4 17. g3 b3 18. cxb3 Bxd5 19. exd5 Na5 20. Nc3 axb3
21. a4 Bh6 22. Bb5+ Kf8 23. Kb1 Nb7 24. Qe2 Rg8 25. Qc4 Na5 26. Qb4 Qb6 27. Ne2 Nb7 28. gxf4 Nc5 29. Qc4 exf4 30. Nd4 Rg6
31. Rhe1 Bg7 32. Rd2 Be5 33. Nc6 Re8 34. h4 f6 35. Nd4 Re7 36. Ne6+ Nxe6 37. dxe6 Rg1 38. Red1 Qe3 39. Bd7 f5 40. Qc8+ Kg7
41. Rxg1+ Qxg1+ 42. Qc1 Qe3 43. Qd1 h5 44. Rd3 Qf2 45. Qxb3 Qxh4 46. Qd1 Qf2 47. Rd2 Qe3 48. Rg2+ Kh6 49. a5 Qa7 50. Qd2 Qa8
51. Rf2 h4 52. Rf1 Qb7 53. Qh2 Kh5 54. Qe2 Bf6 55. a6 Qb6 56. Rd1 Kg5 57. Qb5 Bd4 58. Qxb6 Bxb6 59. Ka2 h3 60. Ka3 d5
61. Ka4 d4 62. Kb5 Ba7 63. Rh1 Rh7 64. Kc6 d3 65. Kb7 Be3 66. b4 d2 67. a7 Bxa7 68. Kxa7 Kh4 69. b5 Kg3 70. b6 h2
71. b7 Kg2 72. Rxh2+ Kxh2 73. Ba4 Re7 74. Bc2 Kg3 75. Ka8 Rc7 76. Bb3
1-0

[Event "Merry Christmas 2011"]
[Site "SchemingMind.com"]
[Date "2012.01.02"]
[Round "-"]
[White "ramesse"]
[Black "Mariazb"]
[Result "1-0"]
[WhiteCountry "SVK"]
[BlackCountry "ARG"]
[WhiteElo "2344"]
[WhiteRD "65"]
[BlackElo "2270"]
[BlackRD "92"]
[GameID "300181"]

1. e4 c6 2. d4 d5 3. e5 Bf5 4. Nf3 e6 5. Be2 Nd7 6. O-O h6 7. Nbd2 Ne7 8. Nb3 Bh7 9. Bd2 g5 10. a4 a5
11. Rc1 Bg7 12. c3 O-O 13. c4 Re8 14. c5 b6 15. cxb6 Qxb6 16. Bc3 Reb8 17. Nfd2 Qc7 18. Re1 Ra7 19. g3 Nf5 20. Bg4 Bg6
21. Qe2 c5 22. dxc5 Nxc5 23. Bxf5 Bxf5 24. Bd4 Nxb3 25. Nxb3 Rxb3 26. Rxc7 Rxc7 27. Qa6 Rc4 28. Qa7 Rxa4 29. Qa8+ Kh7 30. Bc3 Ra2
31. Rc1 a4 32. Qe8 a3 33. bxa3 Be4 34. Kf1 Raxa3 35. Bd4 Rd3 36. Bc5 Rac3 37. Rxc3 Rxc3 38. Be3 Kg6 39. Ke2 g4 40. Bd4 Rc4
41. Ke3 Bf3 42. Qg8=
1-0

[Event "Merry Christmas 2011"]
[Site "SchemingMind.com"]
[Date "2012.01.01"]
[Round "-"]
[White "otsenrechess"]
[Black "Mariazb"]
[Result "0-1"]
[WhiteCountry "HUN"]
[BlackCountry "ARG"]
[WhiteElo "1823"]
[WhiteRD "45"]
[BlackElo "2327"]
[BlackRD "96"]
[GameID "300182"]

1. Nf3 b6 2. g3 Bb7 3. Bg2 e6 4. O-O c5 5. c4 Nf6 6. Nc3 Be7 7. d4 O-O 8. d5 exd5 9. cxd5 d6 10. e4 Nbd7
11. e5 Ne8 12. e6 fxe6 13. dxe6 Ndf6 14. Re1 Nc7 15. Bf4 b5 16. Ng5 Bxg2 17. Kxg2 Qe8 18. a3 Qc6+
0-1

[Event "Merry Christmas 2011"]
[Site "SchemingMind.com"]
[Date "2011.12.31"]
[Round "-"]
[White "NYNH"]
[Black "Mariazb"]
[Result "0-1"]
[WhiteCountry "USA"]
[BlackCountry "ARG"]
[WhiteElo "2043"]
[WhiteRD "63"]
[BlackElo "2230"]
[BlackRD "117"]
[GameID "300183"]

1. d4 Nf6 2. c4 c5 3. d5 b5 4. cxb5 a6 5. b6 Qxb6 6. Nc3 g6 7. Nf3 Bg7 8. Nd2 O-O 9. e4 d6 10. Be2 Nbd7
11. Nc4 Qd8 12. Bf4 Nb6 13. Ne3 Bb7 14. a4 Nbd7 15. a5 Rb8 16. Nc4 Ne8 17. O-O Nc7 18. Qc2 Nb5 19. Nxb5 axb5 20. Nxd6 exd6
21. Bxd6 c4 22. Bxb8 Nxb8 23. Qd2 Na6 24. Rad1 Re8 25. Bf3 Qd6 26. g3 Nb4 27. Bg2 Qc5 28. Kh1 Nd3 29. b3 Bd4 30. Kg1 Bc8
31. bxc4 bxc4 32. Bf3 Bh3 33. Bg2 Bxg2 34. Kxg2 Rxe4 35. f3 Re3 36. a6 c3 37. Qa2 c2 38. Rc1 Re2+ 39. Kh1 Nxc1 40. Rxc1 Qc3
0-1

[Event "Merry Christmas 2011"]
[Site "SchemingMind.com"]
[Date "2011.12.30"]
[Round "-"]
[White "e_safarz"]
[Black "Mariazb"]
[Result "1-0"]
[WhiteCountry "CAN"]
[BlackCountry "ARG"]
[WhiteElo "2390"]
[WhiteRD "63"]
[BlackElo "2230"]
[BlackRD "117"]
[GameID "300184"]

1. e4 b6 2. d4 Bb7 3. Bd3 Nf6 4. Qe2 c5 5. d5 e6 6. c4 d6 7. Nf3 g6 8. Nc3 Bg7 9. O-O O-O 10. a3 Re8
11. Qc2 Nbd7 12. Bf4 Qb8 13. Nb5 e5 14. Bd2 a6 15. Nc3 Nh5 16. g3 Qc7 17. Nh4 Bc8 18. Ng2 Nf8 19. f3 Bh3 20. Nd1 Qe7
21. Nf2 Bd7 22. Rfb1 Rac8 23. b4 b5 24. a4 bxa4 25. b5 axb5 26. cxb5 f5 27. Rxa4 f4 28. g4 Nf6 29. Ra7 Rb8 30. b6 h6
31. b7 N8h7 32. h4 Nxg4 33. Nxg4 Bxg4 34. fxg4 f3 35. Ne3 Qxh4 36. Be1 Qe7 37. Qh2 Rf8 38. Nc4 Ng5 39. Bf2 Qd7 40. Kf1 Nf7
41. Rb6
1-0

[Event "Merry Christmas 2011"]
[Site "SchemingMind.com"]
[Date "2011.12.30"]
[Round "-"]
[White "John Galvin"]
[Black "Mariazb"]
[Result "1/2-1/2"]
[WhiteCountry "USA"]
[BlackCountry "ARG"]
[WhiteElo "2250"]
[WhiteRD "62"]
[BlackElo "2230"]
[BlackRD "117"]
[GameID "300185"]

1. e4 c5 2. c3 e6 3. d4 d5 4. exd5 exd5 5. Nf3 Nc6 6. Bb5 Bd6 7. dxc5 Bxc5 8. O-O Ne7 9. Nbd2 O-O 10. Nb3 Bb6
11. Re1 Bg4 12. Be3 Re8 13. h3 Bh5 14. Bd3 Bxe3 15. Rxe3 h6 16. Qe2 Ng6 17. Bxg6 Bxg6 18. Rxe8+ Qxe8 19. Qb5 Be4 20. Re1 b6
21. Nfd2 Qe6 22. Qa4 Ne5 23. Re3 Bg6 24. Qa6 Qf6 25. Nd4 Kh7 26. g3 Rd8 27. Qb5 Bf5 28. Kg2 Bd7 29. Qa6 Nc6 30. N2f3 Kg8
31. h4=
1/2-1/2

[Event "Merry Christmas 2011"]
[Site "SchemingMind.com"]
[Date "2012.01.03"]
[Round "-"]
[White "MARISCAL"]
[Black "joopsim"]
[Result "0-1"]
[WhiteCountry "ESP"]
[BlackCountry "NED"]
[WhiteElo "2310"]
[WhiteRD "67"]
[BlackElo "2507"]
[BlackRD "76"]
[GameID "300551"]

1. e4 Nc6 2. d4 d5 3. Nc3 e5 4. dxe5 d4 5. Nd5 f5 6. exf6 Nxf6 7. Bc4 Be6 8. Bg5 Nxd5 9. Bxd8 Bb4+ 10. Ke2 Nf4+
11. Kf3 Bxc4 12. Bxc7 Ne6 13. g3 Nxc7 14. Nh3 O-O+ 15. Kg2 Rae8 16. f3 Ba5 17. Nf4 Ne5 18. Qxd4 Bb6 19. Qd2 g5 20. Nh5 Ne6
21. f4 Rd8 22. Qc3 Bd4 23. Qd2 Bxb2 24. Qb4 gxf4 25. gxf4 Nxf4+ 26. Nxf4 Bxa1 27. Rxa1 Rxf4 28. Qe7 Rd2+ 29. Kh1 Ng6
0-1

[Event "Merry Christmas 2011"]
[Site "SchemingMind.com"]
[Date "2012.01.03"]
[Round "-"]
[White "MARISCAL"]
[Black "Mariazb"]
[Result "0-1"]
[WhiteCountry "ESP"]
[BlackCountry "ARG"]
[WhiteElo "2294"]
[WhiteRD "66"]
[BlackElo "2327"]
[BlackRD "96"]
[GameID "300552"]

1. e4 c6 2. d4 d5 3. Bd3 dxe4 4. Bxe4 Nf6 5. Bd3 Qxd4 6. Nf3 Qb6 7. Nbd2 Bg4 8. Nc4 Qc7 9. h3 Bh5 10. Qe2 e6
11. Be3 Nd5 12. g4 Bg6 13. Bxg6 hxg6 14. O-O-O Nxe3 15. fxe3 Nd7 16. Rhf1 Be7 17. Ng5 Nf6 18. Nxf7 Kxf7 19. g5 Rad8 20. Rxd8 Rxd8
21. h4 Qg3 22. gxf6 gxf6 23. h5 g5 24. e4 Qh3 25. Rf3 Qh4 26. Rf2 g4 27. Ne5+ Ke8 28. Nxg4 f5 29. exf5 Rd4 30. Rf1 Qxg4
31. Qxg4 Rxg4 32. fxe6 Bg5+ 33. Kb1 Ke7 34. a3 Bf6
0-1

[Event "Merry Christmas 2011"]
[Site "SchemingMind.com"]
[Date "2012.01.03"]
[Round "-"]
[White "MARISCAL"]
[Black "ramesse"]
[Result "1/2-1/2"]
[WhiteCountry "ESP"]
[BlackCountry "SVK"]
[WhiteElo "2310"]
[WhiteRD "67"]
[BlackElo "2305"]
[BlackRD "61"]
[GameID "300553"]

1. e4 e5 2. Nf3 Nc6 3. Bb5 a6 4. Bxc6 dxc6 5. O-O f6 6. d4 Bg4 7. dxe5 Qxd1 8. Rxd1 fxe5 9. Rd3 Bxf3 10. gxf3 Nf6
11. Nd2 Rd8 12. Rxd8+ Kxd8 13. Nc4 Bd6 14. Bg5 Ke7 15. Rd1 Ke6 16. Bxf6=
1/2-1/2

[Event "Merry Christmas 2011"]
[Site "SchemingMind.com"]
[Date "2012.01.08"]
[Round "-"]
[White "MARISCAL"]
[Black "otsenrechess"]
[Result "1-0"]
[WhiteCountry "ESP"]
[BlackCountry "HUN"]
[WhiteElo "2294"]
[WhiteRD "66"]
[BlackElo "1823"]
[BlackRD "45"]
[GameID "300554"]

1. e4 e6 2. d4 d5 3. exd5 exd5 4. Bd3 Bd6 5. Ne2 Ne7 6. O-O O-O 7. Bf4 c6 8. Bxd6 Qxd6 9. Ng3 f5 10. Ne2 Nd7
11. Nd2 Nf6 12. c4 Be6 13. c5 Qc7 14. Nf3 Ng6 15. Re1 Rae8 16. Qa4 b6 17. b4 bxc5 18. dxc5 Ne4 19. Rad1
1-0

[Event "Merry Christmas 2011"]
[Site "SchemingMind.com"]
[Date "2012.01.03"]
[Round "-"]
[White "MARISCAL"]
[Black "NYNH"]
[Result "1-0"]
[WhiteCountry "ESP"]
[BlackCountry "USA"]
[WhiteElo "2310"]
[WhiteRD "67"]
[BlackElo "2043"]
[BlackRD "63"]
[GameID "300555"]

1. e4 e6 2. d4 d5 3. e5 c5 4. c3 Qb6 5. Nf3 Bd7 6. Be2 cxd4 7. cxd4 Bb5 8. Bd2 Bxe2 9. Qxe2 Qxb2 10. O-O Qb6
11. Nc3 a6 12. Rab1 Qc7 13. Rfc1 Nc6 14. Qd3 Nge7 15. Ng5 Nf5 16. Nxd5 Qd8 17. Nb6 Rb8 18. d5 Nxe5 19. Qe4 Bd6 20. dxe6 fxe6
21. Nxe6 Qf6 22. Qxf5 Qxf5 23. Nxg7+ Kf7 24. Nxf5
1-0

[Event "Merry Christmas 2011"]
[Site "SchemingMind.com"]
[Date "2012.01.03"]
[Round "-"]
[White "MARISCAL"]
[Black "e_safarz"]
[Result "1/2-1/2"]
[WhiteCountry "ESP"]
[BlackCountry "CAN"]
[WhiteElo "2310"]
[WhiteRD "67"]
[BlackElo "2390"]
[BlackRD "63"]
[GameID "300556"]

1. e4 e5 2. Nf3 Nc6 3. Bb5 Nf6 4. O-O Nxe4 5. d4 Nd6 6. Bxc6 dxc6 7. dxe5 Nf5 8. Qxd8+ Kxd8 9. Nc3 Ke8 10. Rd1 Ne7
11. h3 Ng6 12. Be3 Be6 13. b3 Ba3 14. Rab1 a5 15. Ne2 Bd5 16. Nfd4 Nxe5 17. Nb5 cxb5 18. Rxd5 f6 19. Rxb5 b6 20. Rd5 Rd8
21. Rdd1 Kf7 22. Nc3 Be7 23. f4 Nc6 24. Nb5 Rxd1+ 25. Rxd1 Rd8 26. Rxd8 Bxd8 27. c3 Ke6 28. g4 g6 29. Kf2 Kd7 30. Bd4 Be7
31. Kf3 Nd8 32. Be3 c6 33. Nd4 c5 34. Nb5 f5 35. c4 Bf6 36. Bd2 Ne6 37. Nc3 Bxc3 38. Bxc3 Nd8 39. Bb2 Nf7 40. Ke3 Nd6
41. Kd3 Ke6 42. Ba1 Ne4 43. g5 Nf2+ 44. Ke3 Ne4 45. Kd3 Kd7 46. Bb2= Kc6 47. a4 Nf2+=
1/2-1/2

[Event "Merry Christmas 2011"]
[Site "SchemingMind.com"]
[Date "2012.01.03"]
[Round "-"]
[White "MARISCAL"]
[Black "John Galvin"]
[Result "0-1"]
[WhiteCountry "ESP"]
[BlackCountry "USA"]
[WhiteElo "2294"]
[WhiteRD "66"]
[BlackElo "2311"]
[BlackRD "57"]
[GameID "300557"]

1. e4 c5 2. c3 Nf6 3. e5 Nd5 4. d4 cxd4 5. Nf3 d6 6. Bc4 Nb6 7. Bb3 d5 8. Nxd4 Nc6 9. e6 Bxe6 10. Nxe6 fxe6
11. O-O e5 12. Bg5 Qd6 13. Na3 O-O-O 14. c4 h6 15. Be3 Nxc4 16. Nb5 Qb4 17. Nxa7+ Nxa7 18. Bxa7 e6 19. Bxc4 dxc4 20. Qe2 b6
21. Rac1 Rd4 22. Rfd1 Rxd1+ 23. Rxd1 Bd6 24. Qf3 Kc7 25. a3 Qc5 26. Qf7+ Kc6 27. Qf3+ Kb5 28. Qb7 Bc7 29. a4+ Ka5 30. g3 Rf8
31. Rd2 e4 32. Re2 h5 33. Qxe4 Ka6 34. Qxe6 Kxa7 35. Rc2 c3 36. bxc3 h4 37. Qg4 g5 38. c4 Qb4
0-1

[Event "Merry Christmas 2011"]
[Site "SchemingMind.com"]
[Date "2012.01.03"]
[Round "-"]
[White "joopsim"]
[Black "MARISCAL"]
[Result "1-0"]
[WhiteCountry "NED"]
[BlackCountry "ESP"]
[WhiteElo "2507"]
[WhiteRD "76"]
[BlackElo "2310"]
[BlackRD "67"]
[GameID "300558"]

1. e4 e6 2. d4 d5 3. Nc3 Bb4 4. e5 c5 5. a3 Bxc3+ 6. bxc3 Ne7 7. Qg4 Qc7 8. Qxg7 Rg8 9. Qxh7 cxd4 10. Ne2 Nbc6
11. f4 Bd7 12. Qd3 dxc3 13. Rb1 O-O-O 14. h4 Nf5 15. h5 d4 16. Rg1 Kb8 17. g4 Nh6 18. Bh3 Bc8 19. Qc4 b6 20. f5 Nxf5
21. gxf5 Rxg1+ 22. Nxg1 Qxe5+ 23. Ne2 Qe4 24. Qd3 Qxd3 25. cxd3 Ba6 26. Bg5 Rg8 27. Bf6 Bxd3 28. Rd1 Bxf5 29. Bxf5 exf5 30. h6
1-0

[Event "Merry Christmas 2011"]
[Site "SchemingMind.com"]
[Date "2012.01.03"]
[Round "-"]
[White "Mariazb"]
[Black "MARISCAL"]
[Result "1-0"]
[WhiteCountry "ARG"]
[BlackCountry "ESP"]
[WhiteElo "2327"]
[WhiteRD "96"]
[BlackElo "2294"]
[BlackRD "66"]
[GameID "300559"]

1. d4 Nf6 2. c4 g6 3. Nf3 e6 4. Nc3 d5 5. Bg5 Bg7 6. e4 dxe4 7. Nxe4 Nbd7 8. Be2 O-O 9. O-O c5 10. dxc5 Qa5
11. Qd2 Qxd2 12. Nfxd2 Nxe4 13. Nxe4 Bxb2 14. Rab1 Bd4 15. Rfd1 e5 16. Bh6 Re8 17. Bf3 Re7 18. a4 Rb8 19. c6 bxc6 20. Nd6 Ba6
21. Bxc6 Rd8 22. Ne4 Nb6 23. Bg5 Re6 24. Bxd8 Rxc6 25. c5 Nd7 26. Be7 h6 27. Nd6 Rxc5 28. Rdc1 Rxc1+ 29. Rxc1 Nc5 30. Nxf7 Nxa4
31. Nxh6+ Kh7 32. Ng4 Nc3 33. Kh1 Bc8 34. Bb4 Bxg4 35. Bxc3 Bxf2 36. Bxe5 Bb6 37. Rc4 Bd7 38. Bd4 Bb5 39. Rb4 Bxd4 40. Rxd4 a6
41. Rd5 Kh6 42. h4 Bc6 43. Rc5 Be4 44. Kh2 Bf5 45. Kg3 Be4 46. Kf2 Bd3 47. Ke3 Bf5 48. Kf4 Bd3 49. Rc7
1-0

[Event "Merry Christmas 2011"]
[Site "SchemingMind.com"]
[Date "2012.01.03"]
[Round "-"]
[White "ramesse"]
[Black "MARISCAL"]
[Result "1/2-1/2"]
[WhiteCountry "SVK"]
[BlackCountry "ESP"]
[WhiteElo "2305"]
[WhiteRD "61"]
[BlackElo "2310"]
[BlackRD "67"]
[GameID "300560"]

1. e4 e6 2. d4 d5 3. Nc3 Bb4 4. e5 c5 5. a3 Bxc3+ 6. bxc3 Ne7 7. Qg4 Qc7 8. Qxg7 Rg8 9. Qxh7 cxd4 10. Ne2 Nbc6
11. f4 Bd7 12. Qd3 dxc3 13. Qxc3 Nf5 14. h4 O-O-O 15. h5 d4 16. Qc4 f6 17. exf6 e5 18. h6 Nd6 19. Qa4 Ne4 20. Rb1 Bf5
21. g3 d3 22. Bh3 Bxh3 23. Qxe4 dxe2 24. Rxh3 Qd7 25. Rh1 Rxg3 26. Be3 exf4 27. Bxf4 Qg4 28. f7 Rd1+ 29. Kf2 Rg2+ 30. Ke3 e1=Q+
31. Rxe1 Qh3+=
1/2-1/2

[Event "Merry Christmas 2011"]
[Site "SchemingMind.com"]
[Date "2012.01.08"]
[Round "-"]
[White "otsenrechess"]
[Black "MARISCAL"]
[Result "0-1"]
[WhiteCountry "HUN"]
[BlackCountry "ESP"]
[WhiteElo "1823"]
[WhiteRD "45"]
[BlackElo "2294"]
[BlackRD "66"]
[GameID "300561"]

1. d4 d5 2. Nf3 c6 3. c4 e6 4. cxd5 exd5 5. Nc3 Bd6 6. Qc2 Ne7 7. e3 Bf5 8. Bd3 Bxd3 9. Qxd3 Nd7 10. e4 dxe4
11. Nxe4 Qc7 12. O-O O-O 13. Qb3 Nb6 14. Re1 Ng6 15. Bd2 Bf4 16. Bb4 Rfd8 17. g3 Bh6
0-1

[Event "Merry Christmas 2011"]
[Site "SchemingMind.com"]
[Date "2012.01.03"]
[Round "-"]
[White "NYNH"]
[Black "MARISCAL"]
[Result "1/2-1/2"]
[WhiteCountry "USA"]
[BlackCountry "ESP"]
[WhiteElo "2043"]
[WhiteRD "63"]
[BlackElo "2310"]
[BlackRD "67"]
[GameID "300562"]

1. c4 e5 2. Nc3 Nf6 3. g3 c6 4. Bg2 d5 5. d4 exd4 6. Qxd4 dxc4 7. Qxc4 Be6 8. Qa4 Nbd7 9. Nf3 Bc5 10. Ng5 Qe7
11. Nxe6 Qxe6 12. O-O O-O 13. Bf4 Nb6 14. Qc2 Rad8 15. Rad1 Rfe8 16. Rxd8 Rxd8 17. Rd1 Rxd1+ 18. Qxd1 Nbd5 19. Nxd5 Nxd5 20. Bxd5=
1/2-1/2

[Event "Merry Christmas 2011"]
[Site "SchemingMind.com"]
[Date "2012.01.03"]
[Round "-"]
[White "e_safarz"]
[Black "MARISCAL"]
[Result "1-0"]
[WhiteCountry "CAN"]
[BlackCountry "ESP"]
[WhiteElo "2390"]
[WhiteRD "63"]
[BlackElo "2310"]
[BlackRD "67"]
[GameID "300563"]

1. e4 e6 2. d4 d5 3. Nc3 Bb4 4. e5 c5 5. a3 Bxc3+ 6. bxc3 Ne7 7. Qg4 Qc7 8. Qxg7 Rg8 9. Qxh7 cxd4 10. Ne2 Nbc6
11. f4 Bd7 12. Qd3 dxc3 13. Qxc3 Nf5 14. Rb1 O-O-O 15. Rg1 d4 16. Qd3 f6 17. g4 Nh6 18. exf6 Rxg4 19. Rg3 Rxg3 20. hxg3 e5
21. Bg2 Bf5 22. Be4 Qh7 23. Bxf5+ Nxf5 24. Qe4 Re8 25. Rb5 Qh3 26. Rc5 Nxg3 27. Qf3 Qe6 28. Qxg3 exf4 29. Qf3 Qxf6 30. Bxf4 Re3
31. Qg4+ Qe6 32. Qxe6+ Rxe6 33. Kf2 Kd7 34. Rd5+ Kc8 35. Nxd4
1-0

[Event "Merry Christmas 2011"]
[Site "SchemingMind.com"]
[Date "2012.01.03"]
[Round "-"]
[White "John Galvin"]
[Black "MARISCAL"]
[Result "1/2-1/2"]
[WhiteCountry "USA"]
[BlackCountry "ESP"]
[WhiteElo "2250"]
[WhiteRD "62"]
[BlackElo "2310"]
[BlackRD "67"]
[GameID "300564"]

1. e4 e6 2. d4 d5 3. Nd2 Nf6 4. e5 Nfd7 5. Bd3 c5 6. c3 Nc6 7. Ngf3 Qb6 8. O-O g6 9. dxc5 Qc7 10. Nb3 Ncxe5
11. Nxe5 Nxe5 12. Bf4 Bg7 13. Re1 O-O 14. c4 f6 15. cxd5 exd5 16. Be2 Qf7 17. Nd4 Re8 18. Nb5 Bf8 19. Rc1 Be6 20. Be3 a6
21. Nd6 Bxd6 22. cxd6 Nc4 23. Bxc4 dxc4 24. Qd4 b5 25. Bd2 Kg7 26. Bc3 Bd7 27. f3 Rxe1+ 28. Rxe1 Re8 29. Rxe8 Bxe8 30. Qb6=
1/2-1/2

[Event "Merry Christmas 2011"]
[Site "SchemingMind.com"]
[Date "2012.01.16"]
[Round "-"]
[White "clario"]
[Black "joopsim"]
[Result "0-1"]
[WhiteCountry "RSA"]
[BlackCountry "NED"]
[WhiteElo "2099"]
[WhiteRD "83"]
[BlackElo "2543"]
[BlackRD "73"]
[GameID "301452"]

1. d4 Nc6 2. Nf3 d5 3. c4 Bg4 4. cxd5 Bxf3 5. gxf3 Qxd5 6. e3 e5 7. Nc3 Bb4 8. Bd2 Bxc3 9. bxc3 Qd6 10. Rb1 b6
11. Bb5 Ne7 12. O-O O-O-O 13. Kh1 g5 14. Rg1 h6 15. Bd3 Rhe8 16. Rb5 Kb7 17. a4 a5 18. Qb3 f5 19. Rb1 Nc8 20. Bxf5 Qf6
21. Be4 exd4 22. Rf5 Qe6 23. Qxe6 Rxe6 24. cxd4 Nd6 25. Bxc6+ Kxc6 26. d5+ Kb7
0-1

[Event "Merry Christmas 2011"]
[Site "SchemingMind.com"]
[Date "2012.01.16"]
[Round "-"]
[White "clario"]
[Black "Mariazb"]
[Result "0-1"]
[WhiteCountry "RSA"]
[BlackCountry "ARG"]
[WhiteElo "2099"]
[WhiteRD "83"]
[BlackElo "2327"]
[BlackRD "96"]
[GameID "301453"]

1. d4 d6 2. c4 e5 3. Nf3 exd4 4. Nxd4 Nf6 5. Nc3 g6 6. Bg5 Bg7 7. e3 h6 8. Bh4 O-O 9. Be2 Nc6 10. Nxc6 bxc6
11. Rc1 Rb8 12. b3 g5 13. Bg3 Nd7 14. h4 Nc5 15. hxg5 hxg5
0-1

[Event "Merry Christmas 2011"]
[Site "SchemingMind.com"]
[Date "2012.01.17"]
[Round "-"]
[White "clario"]
[Black "MARISCAL"]
[Result "1/2-1/2"]
[WhiteCountry "RSA"]
[BlackCountry "ESP"]
[WhiteElo "2099"]
[WhiteRD "83"]
[BlackElo "2294"]
[BlackRD "66"]
[GameID "301454"]

1. d4 e6 2. c4 f5 3. Nf3 Nf6 4. g3 c6 5. Bg2 d5 6. O-O Bd6 7. b3 Qe7 8. Bb2 O-O 9. Nbd2 Nbd7 10. Ne5 Ne4
11. f4 Ndf6 12. c5 Bc7 13. e3 Nxd2 14. Qxd2 Ne4 15. Qb4 Rb8 16. Rfc1 Bd7 17. Nxd7 Qxd7 18. Rc2 g5 19. Re1 g4 20. Qa4 Ra8
21. Kf1 Rf6 22. Ke2 Rh6 23. Kd1 Kh8 24. Kc1 Rg8 25. Qxa7 Rb8 26. Qa3 Qd8 27. b4 Ra8 28. Qb3 Qg8=
1/2-1/2

[Event "Merry Christmas 2011"]
[Site "SchemingMind.com"]
[Date "2012.01.17"]
[Round "-"]
[White "clario"]
[Black "NYNH"]
[Result "1-0"]
[WhiteCountry "RSA"]
[BlackCountry "USA"]
[WhiteElo "2099"]
[WhiteRD "83"]
[BlackElo "2066"]
[BlackRD "66"]
[GameID "301457"]

1. d4 Nf6 2. c4 e6 3. Nc3 Bb4 4. Qc2 O-O 5. a3 Bxc3+ 6. Qxc3 b5 7. cxb5 c6 8. Bg5 cxb5 9. e3 Bb7 10. Ne2 h6
11. Bxf6 Qxf6 12. Qc7 Bc6 13. Nc3 a6 14. Rd1 Qd8 15. Qd6 Bb7 16. d5 Qc8 17. Be2 exd5 18. O-O d4 19. Rxd4 Re8 20. Bg4 Bc6
21. Rf4 Ra7 22. Bh5 Rf8 23. Rg4 Kh8 24. Qd4 f6 25. Qxa7
1-0